[Event "Prague Golden Rapid op"]
[Site "Prague"]
[Date "2023.06.17"]
[Round "4"]
[White "Konopka, Michal"]
[Black "Liashenko, Ivan"]
[Result "1-0"]
[WhiteElo "2389"]
[BlackElo "1658"]
[PlyCount "63"]
[EventDate "2023.06.17"]
[EventType "swiss (rapid)"]
[EventRounds "9"]
[EventCountry "CZE"]
[SourceTitle "CBM 215 Extra"]
[Source "ChessBase"]
[SourceDate "2023.09.30"]
[SourceVersion "1"]
[SourceVersionDate "2023.09.30"]
[SourceQuality "1"]

1. Nf3 Nf6 2. c4 e6 3. g3 d5 4. d4 Be7 5. Bg2 c6 6. Qc2 0-0 7. 0-0 b6 8. b3 Bb7 9. Nc3 Nbd7 10. Rd1 Rc8 11. e4 dxe4 12. Nxe4 Nxe4 13. Qxe4 Nf6 14. Qc2 Nd7 15. Bf4 Bf6 16. Rac1 c5 17. dxc5 bxc5 18. h4 Re8 19. Ng5 Bxg5 20. Bxb7 Bxf4 21. Bxc8 Bxc1 22. Bxd7 Re7 23. Bxe6 Qf8 24. Bxf7+ Rxf7 25. Rxc1 Rf3 26. Qe2 h6 27. Rd1 Qf6 28. Kg2 g5 29. hxg5 hxg5 30. Rd7 Qc6 31. Qxf3 Qxd7 32. Qd5+ 1-0